Le temps

Gespeichert in:
Bibliographische Detailangaben
1. Verfasser: Pucelle, Jean (VerfasserIn)
Format: Buch
Sprache:Französisch
Veröffentlicht: París Universitaires de France 1967
Ausgabe:4a. ed
Schriftenreihe:Initiation Philosophique, 21
Schlagworte:
Tags: Tag hinzufügen
Keine Tags, Fügen Sie den ersten Tag hinzu!

MARC

LEADER 00000nam a2200000 a 4500
001 UCZ4611
003 CL-VaPUC
008 951110e19670000FR |||||||||||||||||fre|d
082 0 4 |a 113  |b PUC  |2 21 
100 0 |a Pucelle, Jean  |e author  |9 348614 
245 1 3 |a Le temps 
250 |a 4a. ed 
300 |a 105 p 
942 |c BK 
945 |d 19951110 00:00:00  |a cmena 
260 |a París  |b Universitaires de France  |c 1967 
650 0 |a Cosmología  |9 269138 
650 0 |a Metafísica  |9 265649 
650 0 |a Tiempo   |9 267892 
650 0 |a Filosofía de la naturaleza  |9 265899 
650 0 |a Filosofía del espíritu  |9 320175 
650 0 |a Conciencia  |9 309452 
583 |a last modification  |c 19951110 00:00:00  |k Rodrigo Vera 
490 0 |a Initiation Philosophique, 21 
999 |c 240980  |d 240978 
952 |0 0  |1 0  |4 0  |6 113_000000000000000_PUC_1967  |7 0  |8 P  |9 253116  |a BIBEDU  |b BIBEDU  |c BIBEDU_PB  |d 2019-11-19  |i 1596454  |o 113 PUC 1967  |p 1596454  |r 2024-01-25  |w 2019-11-19  |y BK  |k FIL